000 00556nam a2200193Ia 4500
005 20250326143610.0
008 250326s9999 xx 000 0 und d
020 _a81-7881-253-3
037 _aTextbook
040 _aFMSL
_beng
_cFMSL
041 _aeng
_2eng
084 _aX:8.42 P4
_qFMSL
100 _aChowdary N V Ed.
_9748247
245 0 _aCorporate communication: concept and cases
_cChowdary N V Ed.
260 _aIndia
_bIndia, ICFAI University
_c2004
300 _axvii,163
942 _cTB
_hX:8.42 P4
999 _c1300213
_d1300213